000 00470pam a2200157a 44500
008 230515b2012 xxu||||| |||| 00| 0 eng d
020 _aNULL
041 _aENGLISH
082 _aND
100 _aMS JOYLIN CARDOZA
245 _aA STUDY TO ASSESS THE EFFECT OF FOOT MASSAGE ON POST OPERATIVE PAIN AMONG LSCS PATIENTS ADMITTED IN PNC WARDS OF SELECTED HOSPITALS OF PCMC AREA PUNE
250 _a0
260 _a
_bDR D Y PATIL
_c2012
300 _a130
650 _aNULL
999 _c531026
_d531026